Sanat - "Hyvää yötä nalle" - Statistics

Yleistilastot
  • Tätä visaa on pelattu 8 kertaa
  • Keskiarvotulos 21 / 58
Vastaustilastot
Vastaus % Oikein
Hyvää
100%
Hyvää
100%
Hyvää
100%
nalle
100%
nalle
100%
nalle
100%
yötä
100%
yötä
100%
yötä
100%
alle
40%
ja
40%
käydään
40%
käydään
40%
nukkumaan
40%
nukkumaan
40%
nyt
40%
nyt
40%
oman
40%
peiton
40%
tää
40%
uniplaneetalle
40%
jatketaan
20%
kohta
20%
kultalaan
20%
kun
20%
kuu
20%
matkataan
20%
metsään
20%
monta
20%
monta
20%
oottaa
20%
oottaa
20%
oravaisten
20%
paikka
20%
paras
20%
pesän
20%
pysähtyä
20%
ratsastaa
20%
saa
20%
saa
20%
saa
20%
sakaralle
20%
satuhevosillakin
20%
satumaan
20%
siellä
20%
sieltä
20%
syödä
20%
tähden
20%
tarinoi
20%
tehdä
20%
tonttujen
20%
unihattaraa
20%
unimaassa
20%
unimaassa
20%
väsyttää
20%
voi
20%
ystävää
20%
ystävää
20%
Ehtoja vastaavia visoja ei löytynyt
Tulosjakauma
Jokaisen tuloksen saaneiden osuus
Persentiili vastausten määrän mukaan
Tuloshistoriasi
Et ole pelannut tätä visaa